One Tree Hill Charactors series 1-7 Quiz Stats

 Plays Quiz not verified by Sporcle

Score 0/55 Timer 07:00
0 Plays Today
Hints Character % Correct
This character was raised by his mom & uncleLucas Scott
99.2%
He fulfilled his dream of playing in the NBANathan Scott
99.1%
She was married in high schoolHaley James Scott
97.1%
She has always dreamt of having childrenBrooke Davis
95.8%
She has met four people who could be considered 'parents'Peyton Sawyer
94.1%
Her sister is a singer/teacherQuinn James
88.4%
He is a successful editor/directorJulian Baker
83.9%
His father worked in a steel plantSkills
83.1%
He shot his brotherDan Scott
81.1%
He owned a garageKeith Scott
76.5%
She is a famous actreeAlex Dupre
75.4%
She married the mayorDeb Scott
74%
He is a sports agentClay Evans
73%
She took her sisters husbands virginityTaylor James
70.8%
She was afraid of watching the high school basket ball games incase of seeing her high school sweetheartKaren Roe
68.2%
She was once married to a t.v. hostRachel Gatina
67.1%
He was a slamball player/bar tenderOwen
66%
He considers himself a bad employeeMouth
63.1%
He was an arrogant musician Chris Keller
61%
He was helping Nathan with his comebackQuentin Fields
59.5%
He had problems trying to pass calculus Chase Adams
58.1%
He hosted the boy toy auctionWhitey
57.4%
She once kissed a stranger in a photo boothAnna
56.8%
He once swam naked in his neighbours swimming poolFelix
56.4%
He would always play basketball at the river courtFergie
55.7%
She was 50% owner of Clothes Over BrosVictoria Davis
55.1%
She is a teenage music sensationMia Catalano
54.5%
She was James' psycho nannyCarrie
52.9%
Hints Character % Correct
He was once a bouncer at the club TricJunk
52.7%
She kidnapped her own daughterNicki
52.4%
He kept his baby daughter a secret from everyoneJake Jagielski
50.6%
He was in the marinesDerek
48%
He was a race car driverCooper Lee
47.6%
She was Lucas' book editorLindsey
46.9%
She died of cancer whilst spending time with her three daughtersLydia James
46.3%
She is a teacher and dated a basketball coordinatorLauren
45.6%
He played for the Ravens and always followed his bestfriendTim Smith
44.9%
He committed suicideJimmy Edwards
44%
He is a bartender with a special giftGrubbs
42.9%
He married one and dated another sisterDavid
42.9%
She was once an actress turner drug addictMillicent Huxtable
41%
His father is a basketball playerJames Scott
39.7%
She tried to help Red Bedroom RecordsMiranda
38.7%
She was the leader of Clean TeenShelly
37%
He was an adult class lecturerAndy Hargrove
30.8%
She was fanatic about musicEllie Harp
29.8%
She was a rebellious foster childSam Walker
29.4%
She was a shy sports commentatorGigi Silveri
26%
He was the principle of Tree Hill HighPrinciple Turner
25.8%
He would get beaten by his brotherJack Daniels
25.6%
She was kidnapped by her motherJenny Jagielski
17.8%
She had a baby with a former Ravens playerBevin Mirsky
15.9%
He is a surfer turned entrepreneur Alexander Coin
15.6%
He met one of his students on a dating siteMr. Chavez
8.6%
He is a worldwide famous musicianPete from Fall Out Boy
5.5%

You're not logged in!

Compare scores with friends on all Sporcle quizzes.
OR
Log In

Show Comments

Extras

Created Oct 12, 2010ReportNominate
Tags:1-7, character, hill, One Tree Hill, tree

Top Quizzes Today


Score Distribution

Your Account Isn't Verified!

In order to create a playlist on Sporcle, you need to verify the email address you used during registration. Go to your Sporcle Settings to finish the process.

Report this User

Report this user for behavior that violates our Community Guidelines.

Details: